| 000 | 01012cam a22002651i 4500 | ||
|---|---|---|---|
| 003 | SA-RiAUC | ||
| 005 | 20250830060631.0 | ||
| 008 | 250810s2013 su g 00010 ara c | ||
| 040 |
_aSA-JeALM _bara _cSA-RiAUC _erda |
||
| 082 | 0 | 4 |
_a214.5 _qSA-RiAUC |
| 090 |
_a214.5 _bع و ا |
||
| 100 | 1 |
_aعوامة، محمد، _d1940- _eمؤلف. |
|
| 245 | 1 | 0 |
_aمعالم إرشادية لصناعة طالب العلم / _cمحمد عوامة. |
| 250 | _aالطبعة الأولى. | ||
| 264 | 1 |
_aالمدينة المنورة : _bدار اليسر للنشر، _c2013. |
|
| 300 |
_a490 صفحة ؛ _c24 سم |
||
| 336 |
_aنص _btxt _2rdacontent _3كتاب |
||
| 337 |
_aبدون وسيط _bn _2rdamedia |
||
| 338 |
_aمجلد _bnc _2rdacarrier |
||
| 500 | _aإهداء من المؤلف محمد عوامة بتاريخ 1434/3/24 هـ | ||
| 650 | 7 |
_aالإسلام والعلوم _2aucsh |
|
| 650 | 7 |
_aآداب طالب العلم _2aucsh |
|
| 942 |
_2ddc _cBOOK _n0 |
||
| 949 |
_aSA-JeALM _d250810 _umohamedma123 _n1 |
||
| 999 |
_c11317 _d11317 |
||